[Event "Titled Tue 20th May Late"]
[Site "chess.com INT"]
[Date "2025.05.20"]
[Round "9"]
[White "McDonald, Jhustice-Dimonte"]
[Black "Mazzilli, Piero"]
[Result "0-1"]
[WhiteTitle "CM"]
[BlackTitle "FM"]
[WhiteElo "2032"]
[BlackElo "2274"]
[WhiteFideId "7402481"]
[BlackFideId "807087"]
[EventDate "2025.05.20"]

1. b3 Nf6 2. Nf3 c5 3. Bb2 Nc6 4. e3 g6 5. Bb5 Bg7 6. O-O Qc7 7. d4 cxd4 8. exd4
d5 9. Ne5 O-O 10. c4 Be6 11. Nc3 Nxe5 12. dxe5 Qxe5 13. cxd5 Nxd5 14. Nxd5 Qxd5
15. Qxd5 Bxd5 16. Bxg7 Kxg7 17. Rac1 Rac8 18. Bd7 Rxc1 19. Rxc1 Rd8 20. Rc7 Bc6
21. Bg4 e6 22. h4 h5 23. Bxe6 Rf8 24. Bc8 Kf6 25. Bxb7 Bxb7 26. Rxb7 Ra8 27. f4
Ke6 28. Kf2 f6 29. Ke3 Kf5 30. a4 Kg4 31. Rb4 f5 32. Rb7 a5 33. Rd7 Rb8 34. Rd6
Rxb3+ 35. Kf2 Kxf4 36. Rxg6 Rb2+ 37. Kg1 Rb4 38. Rg5 Rxa4 39. Rxh5 Ra1+ 40. Kh2
a4 41. Rh8 a3 42. Ra8 Kg4 43. Ra4+ Kh5 44. Kg3 a2 45. Ra5 Kg6 46. Ra6+ Kg7 47.
Ra5 f4+ 48. Kh2 Kg6 49. Ra4 Kh5 50. Rxf4 Rh1+ 51. Kxh1 a1=Q+ 52. Kh2 Qb2 53. Kh3
Qd2 54. g4+ Kg6 55. h5+ Kg5 56. Rf5+ Kh6 57. Kg3 Qe1+ 58. Kg2 Qe2+ 59. Kg3 Qe3+
60. Kg2 Qd3 61. Rf3 Qe4 62. Kg3 Qe5+ 63. Kg2 Qd6 64. Rf5 Qd4 65. Kf3 Qd3+ 66.
Kg2 Qe3 67. Kh2 Qe2+ 68. Kh3 Qe1 69. Kg2 Qh4 70. Kf3 Qh3+ 71. Kf4 Qg2 72. Rf6+
Kg7 73. Rf5 Qf2+ 74. Kg5 Qg3 75. h6+ Kg8 76. Kh5 Qh3+ 77. Kg5 Qh2 78. Kg6 Qd6+
79. Rf6 Qd3+ 80. Kh5 Qe3 81. g5 Qh3+ 82. Kg6 Qd3+ 83. Rf5 Qe4 84. h7+ Kh8 85.
Kf6 Qc6+ 86. Kf7 Qd7+ 87. Kg6 Qe6+ 88. Rf6 Qe4+ 89. Kh6 Qxh7# 0-1

[Event "Titled Tue 20th May Late"]
[Site "chess.com INT"]
[Date "2025.05.20"]
[Round "9"]
[White "Klukin, Kirill"]
[Black "Rustemov, Alexander"]
[Result "0-1"]
[WhiteTitle "IM"]
[BlackTitle "GM"]
[WhiteElo "2407"]
[BlackElo "2525"]
[WhiteFideId "24199273"]
[BlackFideId "4119002"]
[EventDate "2025.05.20"]

1. Nf3 d5 2. e3 Nf6 3. c4 c6 4. b3 Bf5 5. Bb2 e6 6. Nc3 Bd6 7. d4 Ne4 8. Bd3 Bb4
9. Rc1 Qa5 10. Bxe4 Bxe4 11. Nd2 Bd3 12. a3 Bd6 13. b4 Qd8 14. c5 Bc7 15. Nf3
Bg6 16. O-O a6 17. Qe2 O-O 18. Ne5 Nd7 19. Nxg6 hxg6 20. e4 dxe4 21. Nxe4 Nf6
22. Nxf6+ gxf6 23. Rfd1 Qd5 24. Rd3 f5 25. Rcd1 Kg7 26. Bc1 Rh8 27. h3 Rad8 28.
Bg5 Rd7 29. Bc1 Rh4 30. Qf3 Qxf3 31. Rxf3 Bd8 32. Rfd3 Bf6 33. Be3 Rh8 34. Kf1
Rhd8 35. Ke2 Kf8 36. a4 e5 37. dxe5 Rxd3 38. Rxd3 Rxd3 39. Kxd3 Bxe5 40. Bd4 Bc7
41. f3 Ke7 42. g4 Ke6 43. Kc4 Bf4 44. b5 axb5+ 45. axb5 Bd2 46. bxc6 bxc6 47.
Kd3 Ba5 48. Kc4 Bc7 49. Bc3 fxg4 50. hxg4 f5 51. Bd4 Ba5 52. Bb2 Be1 53. Bd4 Bd2
54. Kd3 Kd5 55. gxf5 gxf5 56. Bf2 Bb4 57. Be1 Bxc5 58. Bd2 Bd6 59. Bg5 c5 60.
Kc2 c4 61. Be3 Bc5 62. Bg5 Bd4 63. Bd2 Ke6 64. Bg5 Kf7 65. Bf4 Kf6 66. Bd2 Kg6
67. Bf4 Kh5 68. Bg3 Kg5 69. Kd2 Bf6 70. Kc2 Kg6 71. Bf4 Kf7 72. Be3 Ke6 73. Bf4
Be5 74. Be3 Kd5 75. Bg5 Kd4 76. Bd2 Bd6 77. Bg5 Bb4 78. Bc1 Be1 79. Bf4 c3 80.
Bc1 Bd2 81. Bxd2 cxd2 82. Kxd2 f4 83. Ke2 Kc3 84. Kf2 Kd2 85. Kf1 Kd1 86. Kf2
Kc2 87. Kf1 Kd3 88. Kf2 Kd2 89. Kf1 Ke3 90. Kg2 Ke2 91. Kg1 Ke1 92. Kg2 Ke2 93.
Kg1 Kxf3 94. Kf1 Ke3 95. Ke1 f3 96. Kf1 f2 97. Kg2 Ke2 0-1

[Event "Titled Tue 20th May Late"]
[Site "chess.com INT"]
[Date "2025.05.20"]
[Round "9"]
[White "Habans Aguerrea, Javier"]
[Black "Shukhman, Anna"]
[Result "1/2-1/2"]
[WhiteTitle "IM"]
[BlackTitle "WGM"]
[WhiteElo "2448"]
[BlackElo "2413"]
[WhiteFideId "24524689"]
[BlackFideId "54180058"]
[EventDate "2025.05.20"]

1. d4 d5 2. c4 e5 3. dxe5 Ne7 4. Nf3 Nbc6 5. e3 Bg4 6. Be2 dxc4 7. Qa4 a6 8.
Qxc4 Bxf3 9. gxf3 Nxe5 10. Qe4 Qd5 11. Qxd5 Nxd5 12. f4 Nc6 13. Bd2 Ndb4 14. Na3
O-O-O 15. Bc4 Nd3+ 16. Bxd3 Rxd3 17. Ke2 Rd7 18. Bc3 f6 19. Nc2 Bc5 20. Rhg1
Rhd8 21. Rg3 b5 22. a3 Bf8 23. h4 Ne7 24. h5 Nd5 25. Ba5 Nb6 26. Nd4 Nc4 27. Bc3
Re8 28. Nf5 Nd6 29. Nxd6+ Rxd6 30. Bb4 Rd7 31. Bxf8 Rxf8 32. Rag1 Rff7 33. f5
Kb7 34. h6 gxh6 35. Rh3 Rd5 36. e4 Re7 37. Re3 Rd4 38. Kf3 Rd2 39. b4 c5 40.
bxc5 Kc6 41. Rh1 Kxc5 42. Rxh6 Rf7 43. Rh1 a5 44. Rc1+ Kb6 45. Rec3 Rd6 46. Rc8
Rd3+ 47. Kf4 Rxa3 48. Rb8+ Rb7 49. Rf8 a4 50. Rxf6+ Ka5 51. e5 Ra2 52. e6 Rxf2+
53. Ke3 Rg2 54. Rf7 Rb8 55. f6 a3 56. e7 Rgg8 57. Rxh7 b4 58. f7 b3 59. fxg8=Q
Rxg8 60. Rh5+ Kb4 61. Rh4+ Kb5 62. Rc3 b2 63. Rb3+ Kc5 64. Re4 Re8 65. Ra4 Rxe7+
66. Kd3 Re1 67. Ra5+ Kc6 68. Ra6+ Kc5 69. Ra5+ Kc6 70. Raxa3 b1=Q+ 71. Rxb1 Rxb1
72. Kc4 Rc1+ 73. Kd4 Rd1+ 74. Ke3 Rc1 75. Kd2 Rc5 76. Rh3 Rd5+ 77. Kc3 Rc5+ 78.
Kb4 Rb5+ 79. Ka4 Re5 80. Rh6+ Kd5 81. Kb4 Re4+ 82. Kb5 Re1 83. Rh8 Rb1+ 84. Ka4
Ra1+ 85. Kb3 Rb1+ 86. Kc2 Rb6 87. Rh5+ Kc6 88. Kd3 Rb4 89. Rh6+ Kc5 90. Kc3 Rg4
91. Rh5+ Kc6 92. Rh3 Kc5 93. Rf3 Kc6 94. Rf5 Kd6 95. Rb5 Kc6 96. Ra5 Kb6 97. Ra2
Kc6 98. Rf2 Kc5 99. Rf5+ Kc6 100. Rh5 Rg3+ 101. Kd4 Rg4+ 102. Ke5 Kc5 103. Kf5
Rd4 104. Ke6+ Kc4 105. Rh8 Rd2 106. Rc8+ Kb5 107. Rb8+ Kc6 108. Ke5 Kc5 109.
Rc8+ Kb5 110. Ke4 Kb6 111. Rc1 Rd7 112. Ke5 Rd2 113. Rb1+ Kc5 114. Ke4 Rd8 115.
Rc1+ Kb4 116. Ke3 Kb5 117. Rc7 Kb4 118. Re7 Kc5 119. Re5+ Kc4 120. Ra5 Kb4 121.
Ra7 Kc4 1/2-1/2

[Event "Titled Tue 20th May Late"]
[Site "chess.com INT"]
[Date "2025.05.20"]
[Round "10"]
[White "Flores Mirabal, Nancy"]
[Black "Kjaergaard-Jensen, Jesper"]
[Result "0-1"]
[WhiteTitle "WCM"]
[BlackTitle "CM"]
[WhiteElo "2050"]
[BlackElo "2081"]
[WhiteFideId "109339"]
[BlackFideId "1406990"]
[EventDate "2025.05.20"]

1. c4 Nf6 2. g3 d6 3. Bg2 c6 4. Nc3 e5 5. e4 Be6 6. d3 c5 7. Nge2 Nc6 8. Be3 Nd4
9. h3 Be7 10. O-O Qc8 11. g4 Bxg4 12. hxg4 Qxg4 13. f3 Qg6 14. Bf2 Nxf3+ 15. Kh1
Qh6+ 16. Bh3 Qxh3# 0-1

[Event "Titled Tue 20th May Late"]
[Site "chess.com INT"]
[Date "2025.05.20"]
[Round "10"]
[White "Gorbenko, Rustem"]
[Black "Morais, Renan de Souza Stockler"]
[Result "1-0"]
[WhiteTitle "CM"]
[BlackTitle "CM"]
[WhiteElo "2201"]
[BlackElo "1703"]
[WhiteFideId "14111438"]
[BlackFideId "2187701"]
[EventDate "2025.05.20"]

1. d4 d5 2. c4 e6 3. Nc3 Nf6 4. Nf3 c6 5. e3 Be7 6. Qc2 h6 7. Bd3 Nbd7 8. O-O
O-O 9. e4 dxe4 10. Nxe4 Nxe4 11. Bxe4 Nf6 12. Bd3 b6 13. Bf4 c5 14. Rad1 Kh8 15.
dxc5 Bxc5 16. Be4 Nxe4 17. Rxd8 Rxd8 18. Qxe4 1-0

[Event "Titled Tue 20th May Late"]
[Site "chess.com INT"]
[Date "2025.05.20"]
[Round "10"]
[White "Garbuz, Vitaliy"]
[Black "Asish Panda"]
[Result "0-1"]
[WhiteTitle "CM"]
[WhiteElo "2224"]
[BlackElo "1911"]
[WhiteFideId "12990710"]
[BlackFideId "45012458"]
[EventDate "2025.05.20"]

1. e4 e6 2. d4 d5 3. Nd2 c5 4. exd5 Qxd5 5. Ngf3 cxd4 6. Bc4 Qd7 7. O-O Nc6 8.
Nb3 Nf6 9. Nbxd4 Nxd4 10. Nxd4 a6 11. Re1 Bc5 12. Be3 O-O 13. Nxe6 Qxd1 14.
Raxd1 Bxe6 15. Bxc5 Bxc4 16. Bxf8 Kxf8 17. Rd6 Rc8 18. Rb6 Bd5 19. c3 Bc6 20.
Rb4 Rd8 21. h3 Rd2 22. Re5 h6 23. Kf1 Nd5 24. Rd4 Rxb2 25. c4 Nf6 26. Rd8+ Ne8
27. Re4 0-1

[Event "Titled Tue 20th May Late"]
[Site "chess.com INT"]
[Date "2025.05.20"]
[Round "10"]
[White "Cori Quispe, Kevin Joel"]
[Black "Bahmani, Koorosh"]
[Result "1-0"]
[WhiteTitle "GM"]
[BlackTitle "CM"]
[WhiteElo "2464"]
[BlackElo "2208"]
[WhiteFideId "3814017"]
[BlackFideId "42576750"]
[EventDate "2025.05.20"]

1. d4 d5 2. c4 c6 3. Nc3 Nf6 4. Nf3 e6 5. Bg5 dxc4 6. e3 b5 7. Qc2 Bb7 8. Be2
Be7 9. O-O O-O 10. b3 b4 11. Na4 c3 12. Nc5 Qc7 13. Nxb7 Qxb7 14. Ne5 Nbd7 15.
Nc4 1-0

[Event "Titled Tue 20th May Late"]
[Site "chess.com INT"]
[Date "2025.05.20"]
[Round "10"]
[White "Erigaisi, Arjun"]
[Black "Bortnyk, Olexandr"]
[Result "1-0"]
[WhiteTitle "GM"]
[BlackTitle "GM"]
[WhiteElo "2782"]
[BlackElo "2601"]
[WhiteFideId "35009192"]
[BlackFideId "14120828"]
[EventDate "2025.05.20"]

1. d4 Nf6 2. Nf3 b6 3. Bg5 Bb7 4. Nbd2 d5 5. e3 e6 6. Bd3 Be7 7. O-O O-O 8. c3
Nbd7 9. Qb1 c5 10. h3 h6 11. Bf4 Qc8 12. Rc1 Ba6 13. Bc2 Qb7 14. a4 Rac8 15. b4
cxb4 16. cxb4 Be2 17. Ne5 Nxe5 18. dxe5 Nd7 19. Re1 Bc4 20. Nf3 Kh8 21. Nd4 Qb8
22. Qd1 g5 23. Qh5 Kg7 24. Nxe6+ fxe6 25. Qg6+ Kh8 26. Qh7# 1-0

[Event "Titled Tue 20th May Late"]
[Site "chess.com INT"]
[Date "2025.05.20"]
[Round "10"]
[White "Dauer, Andre Leonardo"]
[Black "Nita, Lucian"]
[Result "0-1"]
[WhiteTitle "CM"]
[WhiteElo "2138"]
[BlackElo "2143"]
[WhiteFideId "2126915"]
[BlackFideId "1206923"]
[EventDate "2025.05.20"]

1. e4 d6 2. d4 Nf6 3. Nc3 e5 4. Nf3 Nbd7 5. Bc4 Be7 6. O-O O-O 7. h3 c6 8. a4 a5
9. b3 Qc7 10. Ba3 Re8 11. g4 h6 12. Qd2 Nb6 13. Be2 exd4 14. Nxd4 d5 15. Bxe7
Rxe7 16. exd5 Nbxd5 17. Nxd5 Nxd5 18. Bd3 Nf4 19. Nf5 Bxf5 20. Bxf5 Nxh3+ 21.
Kh1 Qf4 22. Qxf4 Nxf4 23. Rad1 g6 24. Bd3 Rd8 25. Bc4 Red7 26. Rxd7 Rxd7 27. Re1
Kf8 28. Kh2 Rd2 29. Kg3 Nd5 30. Re5 f6 31. Re6 Kf7 32. Rd6 Ke7 0-1

[Event "Titled Tue 20th May Late"]
[Site "chess.com INT"]
[Date "2025.05.20"]
[Round "10"]
[White "Saidov, Bilukhadzh"]
[Black "Roebers, Eline"]
[Result "1-0"]
[WhiteTitle "FM"]
[BlackTitle "IM"]
[WhiteElo "2309"]
[BlackElo "2361"]
[WhiteFideId "34165476"]
[BlackFideId "1058401"]
[EventDate "2025.05.20"]

1. d4 f5 2. g3 Nf6 3. Bg2 g6 4. Nh3 Bg7 5. c4 O-O 6. O-O d6 7. d5 Na6 8. Nc3 Bd7
9. Nf4 c6 10. Re1 g5 11. Nd3 h6 12. e4 e5 13. exf5 cxd5 14. Nxd5 Bxf5 15. Ne3
Bc8 16. Bd2 Nc7 17. Bc3 Rb8 18. Qd2 b5 19. Nb4 Bb7 20. Nc6 Bxc6 21. Bxc6 bxc4
22. Rad1 Rb6 23. Bg2 e4 24. Nxc4 Rc6 25. Nxd6 Ncd5 26. Nxe4 Nxe4 27. Bxe4 Nxc3
28. Qxd8 1-0

[Event "Titled Tue 20th May Late"]
[Site "chess.com INT"]
[Date "2025.05.20"]
[Round "10"]
[White "Jacobsen, Mikkel Manosri"]
[Black "Hernandez Bermudez, Ulises Eduardo"]
[Result "1-0"]
[WhiteTitle "FM"]
[WhiteElo "2223"]
[BlackElo "2042"]
[WhiteFideId "1444514"]
[BlackFideId "3902510"]
[EventDate "2025.05.20"]

1. d4 Nf6 2. Nf3 g6 3. Bf4 Bg7 4. c3 d6 5. Nbd2 O-O 6. e4 Nc6 7. Be2 h6 8. h3 e5
9. dxe5 Nh5 10. Be3 dxe5 11. O-O Be6 12. Re1 g5 13. Nxg5 Nf4 14. Ngf3 Qf6 15.
Bf1 Rad8 16. Qc2 Kh8 17. Kh2 Rg8 18. g3 Nh5 19. Bg2 Bf8 20. a4 Be7 21. b4 Qg6
22. Nf1 a5 23. b5 Nb8 24. Nxe5 Qg7 25. Bd4 Bf6 26. Nf3 Bc4 27. e5 Be7 28. Qf5
Bxf1 29. Qxh5 Bxg2 30. Kxg2 Kh7 31. Re4 Nd7 32. Rg4 Qf8 33. Rf4 Bg5 34. Rxf7+
Qxf7 35. Qxf7+ Rg7 36. Nxg5+ hxg5 37. Qh5+ Kg8 38. e6 1-0

[Event "Titled Tue 20th May Late"]
[Site "chess.com INT"]
[Date "2025.05.20"]
[Round "10"]
[White "Hiermann, Dietmar"]
[Black "Mazzilli, Piero"]
[Result "1-0"]
[WhiteTitle "FM"]
[BlackTitle "FM"]
[WhiteElo "2216"]
[BlackElo "2274"]
[WhiteFideId "1602918"]
[BlackFideId "807087"]
[EventDate "2025.05.20"]

1. e4 d5 2. exd5 Qxd5 3. Nc3 Qa5 4. d4 Nf6 5. Nf3 c6 6. Bc4 Bg4 7. h3 Bh5 8. g4
Bg6 9. Ne5 e6 10. h4 Be4 11. O-O Nbd7 12. Nxd7 Kxd7 13. g5 Bd5 14. Bd3 Ne8 15.
Nxd5 cxd5 16. c4 Nc7 17. Qf3 Ke8 18. Bf4 dxc4 19. Bxc4 Be7 20. Rfe1 Nd5 21. Bxd5
Qxd5 22. Qxd5 exd5 23. Bd6 1-0

[Event "Titled Tue 20th May Late"]
[Site "chess.com INT"]
[Date "2025.05.20"]
[Round "10"]
[White "Luong Phuong Hanh"]
[Black "Velikanov, Alexander"]
[Result "0-1"]
[WhiteTitle "WIM"]
[BlackTitle "IM"]
[WhiteElo "2144"]
[BlackElo "2372"]
[WhiteFideId "12401013"]
[BlackFideId "2039290"]
[EventDate "2025.05.20"]

1. d4 d6 2. Nf3 Nf6 3. g3 g6 4. Bg2 Bg7 5. O-O O-O 6. a4 Nbd7 7. a5 a6 8. Nc3 e5
9. e4 exd4 10. Nxd4 Re8 11. Re1 Ne5 12. h3 c5 13. Nf3 Nc6 14. Bg5 h6 15. Bf4 Bf8
16. Qd2 g5 17. Be3 Nxa5 18. Bxg5 hxg5 19. Qxg5+ Bg7 20. e5 dxe5 21. Nxe5 Be6 22.
Red1 Qb6 23. Ne4 Nxe4 24. Bxe4 f6 25. Qh5 fxe5 26. Bh7+ Kf8 27. Qf3+ Bf7 28. Rd7
Re7 29. Rad1 Qf6 30. Qc3 Nc6 31. Qxc5 Be6 32. Rxb7 Nd4 33. Rd3 Rc8 34. Qd6 Bxh3
35. Qa3 Rxc2 36. Rxd4 Qxf2+ 0-1

[Event "Titled Tue 20th May Late"]
[Site "chess.com INT"]
[Date "2025.05.20"]
[Round "10"]
[White "Pereyra, Horacio"]
[Black "Burmakin, Vladimir"]
[Result "0-1"]
[BlackTitle "GM"]
[WhiteElo "2133"]
[BlackElo "2435"]
[WhiteFideId "113700"]
[BlackFideId "4105109"]
[EventDate "2025.05.20"]

1. d4 d5 2. Nc3 Nf6 3. Bg5 c6 4. e3 Qb6 5. Rb1 Bf5 6. Bd3 Bxd3 7. Qxd3 Nbd7 8.
Nge2 g6 9. O-O Bg7 10. e4 dxe4 11. Nxe4 O-O 12. Nxf6+ Nxf6 13. c4 Rad8 14. Rfd1
Qa6 15. Qb3 h6 16. Bh4 Rd7 17. Rd3 Rfd8 18. Rbd1 Nh5 19. a3 g5 20. Bg3 Nxg3 21.
hxg3 e6 22. g4 b5 23. cxb5 Qxb5 24. Qxb5 cxb5 25. b4 a6 26. f3 Rd5 27. Kf2 Rc8
28. Ke3 Rc2 29. R1d2 Rc4 30. Ke4 Re5# 0-1

[Event "Titled Tue 20th May Late"]
[Site "chess.com INT"]
[Date "2025.05.20"]
[Round "10"]
[White "Perez Rojas, Jorge"]
[Black "Danzer, George"]
[Result "1-0"]
[WhiteTitle "FM"]
[BlackTitle "CM"]
[WhiteElo "2100"]
[BlackElo "2172"]
[WhiteFideId "3452093"]
[BlackFideId "4659465"]
[EventDate "2025.05.20"]

1. e4 c5 2. Nf3 d6 3. Nc3 Nf6 4. d4 cxd4 5. Qxd4 Nc6 6. Bb5 Bd7 7. Qd3 a6 8. Ba4
e6 9. Bf4 Nb4 10. Bxd7+ Qxd7 11. Qe2 Nh5 12. Be3 Rc8 13. Nd4 Nf6 14. a3 Nc6 15.
Rd1 Qc7 16. O-O Be7 17. f4 O-O 18. g4 Nd7 19. g5 Nc5 20. f5 Nxd4 21. Rxd4 Nd7
22. Qg4 Ne5 23. Qh3 g6 24. f6 Bd8 25. Qh6 d5 26. Qg7# 1-0

[Event "Titled Tue 20th May Late"]
[Site "chess.com INT"]
[Date "2025.05.20"]
[Round "10"]
[White "Belov, Alexei"]
[Black "Dogan, Mire Deniz"]
[Result "0-1"]
[WhiteTitle "IM"]
[BlackTitle "FM"]
[WhiteElo "2421"]
[BlackElo "2089"]
[WhiteFideId "4128206"]
[BlackFideId "6317456"]
[EventDate "2025.05.20"]

1. e4 e6 2. d4 d5 3. Nd2 dxe4 4. Nxe4 Nd7 5. Nf3 Ngf6 6. Bd3 Nxe4 7. Bxe4 Nf6 8.
Bg5 Be7 9. Bxf6 Bxf6 10. Qd3 h6 11. O-O-O O-O 12. h4 c5 13. dxc5 Qa5 14. Qc4 b5
15. cxb6 Rb8 16. c3 Rxb6 17. Bc2 Ba6 18. Qa4 Qc5 19. Nd4 Rfb8 20. Bb3 Bxh4 21.
Kb1 Bf6 22. g4 Bb7 23. Rh5 Be4+ 24. Ka1 e5 25. f4 Bg6 26. fxe5 Bxh5 27. exf6
Bxg4 28. Rg1 h5 29. fxg7 a5 30. Nc6 Qxg1+ 0-1

[Event "Titled Tue 20th May Late"]
[Site "chess.com INT"]
[Date "2025.05.20"]
[Round "10"]
[White "Aung Thant Zin"]
[Black "Sobek, Jaroslav"]
[Result "0-1"]
[WhiteTitle "FM"]
[BlackTitle "FM"]
[WhiteElo "2268"]
[BlackElo "2195"]
[WhiteFideId "13000063"]
[BlackFideId "301388"]
[EventDate "2025.05.20"]

1. e4 c5 2. Nf3 a6 3. c3 d5 4. e5 Bf5 5. d4 e6 6. Be3 Qb6 7. Qb3 Qxb3 8. axb3
Nd7 9. Nbd2 Rc8 10. Be2 h6 11. O-O Ne7 12. Rfe1 Nc6 13. Bf1 cxd4 14. Bxd4 Be7
15. b4 O-O 16. b5 axb5 17. Bxb5 Ra8 18. h3 Bg6 19. Nb3 Rfc8 20. Na5 Rxa5 21.
Rxa5 Nxa5 22. Bxd7 Rd8 23. Bb5 Nc6 24. Ra1 Nxd4 0-1

[Event "Titled Tue 20th May Late"]
[Site "chess.com INT"]
[Date "2025.05.20"]
[Round "10"]
[White "Khodabandeh, Milad"]
[Black "Behzad Nazif, Parva"]
[Result "1-0"]
[WhiteTitle "CM"]
[BlackTitle "WIM"]
[WhiteElo "1957"]
[BlackElo "2090"]
[WhiteFideId "12538620"]
[BlackFideId "12563790"]
[EventDate "2025.05.20"]

1. e4 e5 2. Nf3 Nc6 3. Bb5 Nge7 4. O-O Ng6 5. Bxc6 dxc6 6. d4 exd4 7. Nxd4 Bc5
8. Be3 O-O 9. Nc3 Ne5 10. Nf5 Bxe3 11. Nxe3 Qf6 12. f4 Nd7 13. e5 Qe6 14. Qd3
Nc5 15. Qd4 b6 16. f5 Qe7 17. f6 Qe6 18. Qf4 Ba6 19. Qg5 g6 20. Qh6 1-0

[Event "Titled Tue 20th May Late"]
[Site "chess.com INT"]
[Date "2025.05.20"]
[Round "10"]
[White "Bagheri, Maziar"]
[Black "Jedryczka, Krystian"]
[Result "1-0"]
[WhiteTitle "FM"]
[WhiteElo "2287"]
[BlackElo "2084"]
[WhiteFideId "12530913"]
[BlackFideId "1109472"]
[EventDate "2025.05.20"]

1. e4 e5 2. Nf3 Nc6 3. Bb5 a6 4. Ba4 Nf6 5. O-O Nxe4 6. d4 b5 7. Bb3 d5 8. dxe5
Be6 9. c3 Bc5 10. Nbd2 Nxf2 11. Rxf2 Bxf2+ 12. Kxf2 O-O 13. Nf1 Ne7 14. Bg5 h6
15. Bh4 Qd7 16. Ne3 c6 17. Qd4 Ng6 18. Bg3 Rac8 19. Qc5 f6 20. exf6 Rxf6 21. Kg1
Rcf8 22. Ne5 Nxe5 23. Bxe5 Rg6 24. Re1 Qf7 25. Rf1 Qe8 26. Rxf8+ Qxf8 27. Qxc6
Qf7 28. Bxd5 Kh7 29. Be4 Bf5 30. Bxf5 Qxf5 31. Nxf5 Rxc6 32. Nxg7 Kg6 33. g4 a5
34. Nf5 b4 35. Ne7+ 1-0

[Event "Titled Tue 20th May Late"]
[Site "chess.com INT"]
[Date "2025.05.20"]
[Round "10"]
[White "Xiong, Jeffery"]
[Black "Yilmaz, Baver"]
[Result "0-1"]
[WhiteTitle "GM"]
[BlackTitle "FM"]
[WhiteElo "2636"]
[BlackElo "2233"]
[WhiteFideId "2047640"]
[BlackFideId "26363542"]
[EventDate "2025.05.20"]

1. e4 e5 2. Nc3 Nf6 3. Bc4 Nc6 4. d3 Na5 5. Nge2 Nxc4 6. dxc4 Bb4 7. a3 Bxc3+ 8.
Nxc3 d6 9. f3 h6 10. Be3 Be6 11. b3 a6 12. a4 Qd7 13. Qe2 g5 14. O-O-O O-O-O 15.
Kb2 Nh5 16. c5 Nf4 17. Bxf4 gxf4 18. cxd6 cxd6 19. g3 fxg3 20. hxg3 h5 21. Qe3
Kb8 22. Rd2 Rhg8 23. f4 exf4 24. gxf4 Bg4 25. Nd5 Qe6 26. Qd4 Bf3 27. Rf1 Qxe4
28. Qc3 Qxd5 29. Rxd5 Bxd5 30. Qh3 Bg2 31. Qd3 Bxf1 32. Qxf1 h4 33. Qh3 Rh8 34.
a5 Rdg8 35. b4 Rg3 36. Qd7 h3 37. b5 h2 0-1

[Event "Titled Tue 20th May Late"]
[Site "chess.com INT"]
[Date "2025.05.20"]
[Round "10"]
[White "Skramstad, Oda Kofoed"]
[Black "Gurevich, Dmitry"]
[Result "1-0"]
[WhiteTitle "WCM"]
[BlackTitle "GM"]
[WhiteElo "1898"]
[BlackElo "2347"]
[WhiteFideId "1564862"]
[BlackFideId "2000407"]
[EventDate "2025.05.20"]

1. e4 c5 2. Nf3 d6 3. d4 cxd4 4. Nxd4 Nf6 5. Nc3 Nc6 6. Bc4 e6 7. O-O Be7 8. Be3
O-O 9. Be2 a6 10. a4 Bd7 11. f3 Rc8 12. Nb3 Ne5 13. Kh1 Nc4 14. Bxc4 Rxc4 15.
Qd3 Rc8 16. Rad1 Qc7 17. a5 Rfd8 18. Bb6 Qb8 19. Bxd8 Rxd8 20. Qd4 Bc6 21. Na4
Nd7 22. Nb6 Ne5 23. c3 h6 24. Qd2 Bf6 25. Qe2 Ng6 26. f4 e5 27. f5 Ne7 28. Nd2
d5 29. exd5 Nxd5 30. Ne4 Be7 31. Nxd5 Bxd5 32. f6 Bf8 33. fxg7 Bxg7 34. Qg4 Kh8
35. Ng3 b5 36. Nh5 Bf8 37. Qf5 Bg7 38. Nxg7 Kxg7 1-0

[Event "Titled Tue 20th May Late"]
[Site "chess.com INT"]
[Date "2025.05.20"]
[Round "10"]
[White "Kosakowski, Jakub"]
[Black "Bukreev, Stanislav"]
[Result "1-0"]
[WhiteTitle "GM"]
[BlackTitle "FM"]
[WhiteElo "2530"]
[BlackElo "2328"]
[WhiteFideId "1185080"]
[BlackFideId "34252347"]
[EventDate "2025.05.20"]

1. Nf3 d5 2. e3 Nf6 3. c4 e6 4. b3 Bd6 5. Bb2 O-O 6. g3 c5 7. Bg2 Nc6 8. O-O b6
9. cxd5 Nxd5 10. Nc3 Nxc3 11. dxc3 Bb7 12. c4 Qc7 13. Qc2 Rfd8 14. Ng5 g6 15. f4
Qe7 16. Ne4 e5 17. f5 Bc7 18. fxg6 hxg6 19. Nf6+ Kg7 20. Nd5 Qd6 21. Rf6 Qxf6
22. Nxf6 Kxf6 23. Rf1+ Kg7 24. Bd5 Rd7 25. Qe4 f5 26. Qg2 Rd6 27. e4 Rf8 28.
exf5 Rxf5 29. Rxf5 gxf5 30. Qh3 Rf6 31. Qh5 Nd8 32. Qg5+ Rg6 33. Qe7+ Kh6 34.
Qxc7 Bxd5 35. cxd5 Rg8 1-0

[Event "Titled Tue 20th May Late"]
[Site "chess.com INT"]
[Date "2025.05.20"]
[Round "10"]
[White "Klukin, Kirill"]
[Black "Amburgy, Ryan"]
[Result "1-0"]
[WhiteTitle "IM"]
[BlackTitle "FM"]
[WhiteElo "2407"]
[BlackElo "2309"]
[WhiteFideId "24199273"]
[BlackFideId "30924820"]
[EventDate "2025.05.20"]

1. d4 Nf6 2. Nf3 d5 3. e3 c5 4. c3 Qc7 5. Nbd2 Bg4 6. Be2 Nc6 7. O-O e6 8. dxc5
Bxc5 9. b4 Bd6 10. Bb2 Rd8 11. Rc1 O-O 12. a3 Ne4 13. h3 Bf5 14. c4 dxc4 15.
Rxc4 Nxd2 16. Nxd2 Qe7 17. Qc1 Ne5 18. Rd4 Rc8 19. Qa1 Rc2 20. Bd1 Rc6 21. Ba4
Ra6 22. Bb5 Rb6 23. Be2 Rc8 24. Rd1 Bb8 25. Nf3 Qf6 26. R4d2 Nxf3+ 27. Bxf3 Qg5
28. Bxg7 e5 29. Bxe5 Bxh3 30. Bxb8 Rxb8 31. Rd5 Qg6 32. Rd8+ 1-0

[Event "Titled Tue 20th May Late"]
[Site "chess.com INT"]
[Date "2025.05.20"]
[Round "10"]
[White "Leinov, Roman"]
[Black "Matlak, Oleksandr"]
[Result "0-1"]
[WhiteTitle "CM"]
[WhiteElo "2120"]
[BlackElo "2235"]
[WhiteFideId "13504649"]
[BlackFideId "148061879"]
[EventDate "2025.05.20"]

1. Nf3 Nf6 2. g3 b6 3. Bg2 Bb7 4. O-O c5 5. d3 g6 6. e4 d6 7. b3 Bg7 8. Bb2 O-O
9. Nbd2 Re8 10. Qe2 Nxe4 11. Bxg7 Nxd2 12. Qxd2 Kxg7 13. d4 Nd7 14. d5 Nf6 15.
c4 b5 16. Rfe1 bxc4 17. bxc4 Bc8 18. h3 Bd7 19. g4 h6 20. Qc3 Rb8 21. Nd2 Kg8
22. Re3 Qb6 23. Rae1 Qb2 24. Qa5 Rb4 25. Nb3 Rxc4 26. Qxa7 Rc2 27. Rf3 Qxa2 28.
Qb7 Rb2 29. Ree3 c4 30. Rxf6 exf6 31. Rxe8+ Bxe8 32. Qb8 Qxb3 33. Qxe8+ Kg7 0-1